Župný variant - II. alternatíva Kapitoly z dejín verejnej správy na Slovensku

Vláda SR a Národná rada SR v roku 1996 prijali zákon o územnom a správnom členení, na základe ktorého vzniklo sedemdesiatdeväť okresov a osem krajov. Zákon sa týkal výlučne organizácie štátnej správy. Zákon o vyšších územných celkoch mal byť prijatý po dohode so samosprávou. Tvorcovia župného návrhu...

Ausführliche Beschreibung

Gespeichert in:
Bibliographische Detailangaben
1. Verfasser: Skyba, Radovan
Format: Buchkapitel
Sprache:Slowakisch
Schlagworte:
Tags: Tag hinzufügen
Keine Tags, Fügen Sie das erste Tag hinzu!

MARC

LEADER 00000naa a2200000 4500
001 r037793
005 20230927090841.7
041 0 |a slo 
044 |a SK 
245 1 0 |a Župný variant - II. alternatíva  |b Kapitoly z dejín verejnej správy na Slovensku  |c Radovan Skyba 
520 |a Vláda SR a Národná rada SR v roku 1996 prijali zákon o územnom a správnom členení, na základe ktorého vzniklo sedemdesiatdeväť okresov a osem krajov. Zákon sa týkal výlučne organizácie štátnej správy. Zákon o vyšších územných celkoch mal byť prijatý po dohode so samosprávou. Tvorcovia župného návrhu ako reakciu na to vypracovali už v marci tzv. II. alternatívu, ktorá vychádzala z rokovania ministrov vlády SR a z prijatého nového zákona. 
610 2 0 |a správa verejná 
610 2 0 |a správa štátna 
610 2 0 |a členenie územné administratívne 
610 2 0 |a vyššie územné celky 
610 2 0 |a samospráva regionálna 
610 2 0 |a okresy 
610 2 0 |a regióny 
610 2 0 |a reformy štruktúrne 
610 2 0 |a Slovensko 
100 1 |a Skyba, Radovan